Central Library OPAC University of Rajshahi

Text information retrieval systems / (Record no. 56965)

MARC details
000 -LEADER
fixed length control field 00850nam a2200265 a 4500
001 - CONTROL NUMBER
control field 56965
003 - CONTROL NUMBER IDENTIFIER
rucl marc code BD-RjUL
005 - DATE AND TIME OF LATEST TRANSACTION
control field 20211209080444.0
008 - FIXED-LENGTH DATA ELEMENTS--GENERAL INFORMATION
fixed length control field 161205s1992 enka b 001 0 eng
020 ## - INTERNATIONAL STANDARD BOOK NUMBER
International Standard Book Number 012487410X
035 ## - SYSTEM CONTROL NUMBER
System control number (BD-RjUL) 57089
040 ## - CATALOGING SOURCE
Original cataloging agency DLC
Transcribing agency DLC
Modifying agency BD-RjUL
Language of cataloging eng
041 ## - LANGUAGE CODE
Language code of text/sound track or separate title eng
082 00 - DEWEY DECIMAL CLASSIFICATION NUMBER
Classification number 025.04
Edition number 23
Author mark and year MEX 1992
100 1# - MAIN ENTRY--PERSONAL NAME
Personal name Meadow, Charles T.
9 (RLIN) 169293
245 10 - TITLE STATEMENT
Title Text information retrieval systems /
Statement of responsibility, etc. Charles T. Meadow.
260 ## - PUBLICATION, DISTRIBUTION, ETC. (IMPRINT)
Place of publication, distribution, etc. London :
Name of publisher, distributor, etc. Academic Press,
Date of publication, distribution, etc. c1992.
300 ## - PHYSICAL DESCRIPTION
Pagination xix, 302 p. :
Illustrations ill. ;
Size 24 cm.
490 1# - SERIES STATEMENT
Series statement Library and information science
504 ## - BIBLIOGRAPHY, ETC. NOTE
Bibliography, etc Includes bibliographical references and index.
650 #0 - SUBJECT ADDED ENTRY--TOPICAL TERM
Topical term or geographic name as entry element Information storage and retrieval systems.
9 (RLIN) 169294
830 #0 - SERIES ADDED ENTRY--UNIFORM TITLE
Uniform title Library and information science (New York, N.Y.)
942 ## - ADDED ENTRY ELEMENTS (KOHA)
Source of classification or shelving scheme Dewey Decimal Classification
Koha item type Books
Holdings
Lost status Source of classification or shelving scheme Damaged status Not for loan Collection code Permanent Location Current Location Shelving location Date acquired Source of acquisition Total Checkouts Full call number Date last seen Copy number Koha item type
  Dewey Decimal Classification   Not For Loan Non-fiction Central Library, University of Rajshahi Central Library, University of Rajshahi Reading Room 08/04/2001 Asia foundation   025.04 MEX 1992 05/12/2016 C-1 Books